000 00529nam a22001817a 4500
005 20250120123054.0
010 _aENG-143443
020 _c270.00
035 _aEN-126975
037 _bDBAD
082 _aS
245 _aa Home in Urbana; Correspondence between the Tagores and the seymours/
_cEdited By Supriya Roy
250 _aFirst
260 _bPatralekha
_c2011
_a10B College Row Kolkata
270 _bKolkata
_k9831110963
_a10B College Row Kolkata
_e700009
300 _a144p.
_c21cm (pbk)
942 _2ddc
_cEN
_hS
_mAHO
999 _c208597
_d208597